Statistics for Chocolate Starfish And The Hot Dog... Tracklist (Limp Bizkit)

Click here to take the quiz!

General Stats

  • This quiz has been taken 13 times
  • The average score is 13 of 15

Answer Stats

HintAnswer% Correct
2Hot Dog
100%
3My Generation
100%
6Rollin' (Air Raid Vehicle)
100%
14Rollin' (Urban Assault Vehicle)
100%
12Boiler
91%
1Intro
91%
5My Way
91%
10Take A Look Around
91%
4Full Nelson
82%
11It'll Be OK
82%
15Outro
82%
9Getcha Groove On - Dirt Road Mix
64%
13Hold On
64%
8The One
64%
7Livin' It Up
55%

Score Distribution

Percentile by Number Answered

Percent of People with Each Score

Your Score History

You have not taken this quiz